All-India Folklore Conference: (Record no. 82352)
[ view plain ]
| 000 -LEADER | |
|---|---|
| fixed length control field | 00726cam a22002531 4500 |
| 001 - CONTROL NUMBER | |
| control field | sa 68008308 |
| 003 - CONTROL NUMBER IDENTIFIER | |
| control field | DLC |
| 005 - DATE AND TIME OF LATEST TRANSACTION | |
| control field | 20260227112531.0 |
| 008 - FIXED-LENGTH DATA ELEMENTS--GENERAL INFORMATION | |
| fixed length control field | 830405s1964 ii a 100 0 eng |
| 010 ## - LIBRARY OF CONGRESS CONTROL NUMBER | |
| LC control number | sa 68008308 |
| 025 ## - OVERSEAS ACQUISITION NUMBER | |
| Overseas acquisition number | PL480:I-E-8170 |
| 035 ## - SYSTEM CONTROL NUMBER | |
| System control number | (OCoLC)9376485 |
| 040 ## - CATALOGING SOURCE | |
| Original cataloging agency | DLC |
| Transcribing agency | ViU |
| Modifying agency | DLC |
| 042 ## - AUTHENTICATION CODE | |
| Authentication code | premarc |
| 050 00 - LIBRARY OF CONGRESS CALL NUMBER | |
| Classification number | GR10 |
| Item number | .A6 1964aa |
| 111 2# - MAIN ENTRY--MEETING NAME | |
| Meeting name or jurisdiction name as entry element | All-India Folklore Conference |
| Number of part/section/meeting | (1st : |
| Date of meeting or treaty signing | 1964 : |
| Location of meeting | Calcutta) |
| 245 00 - TITLE STATEMENT | |
| Title | All-India Folklore Conference: |
| Remainder of title | [souvenir. |
| 260 ## - PUBLICATION, DISTRIBUTION, ETC. | |
| Place of publication, distribution, etc. | Calcutta, |
| Date of publication, distribution, etc. | 1964?] |
| 300 ## - PHYSICAL DESCRIPTION | |
| Extent | 51 p. |
| Other physical details | illus. |
| Dimensions | 24 cm. |
| 500 ## - GENERAL NOTE | |
| General note | Cover title. |
| 500 ## - GENERAL NOTE | |
| General note | Sponsored by the Indian Folklore Society. |
| 650 #0 - SUBJECT ADDED ENTRY--TOPICAL TERM | |
| Topical term or geographic name entry element | Folklore |
| Form subdivision | Congresses. |
| 710 2# - ADDED ENTRY--CORPORATE NAME | |
| Corporate name or jurisdiction name as entry element | Indian Folklore Society. |
No items available.